000 00454nam a2200169Ia 4500
003 GCL
008 140319s9999 xx 000 0 ara d
040 _aGCL /
_cGCL
082 0 4 _a813.03
_bم ا
100 1 _aمؤنس الرزاز
245 1 0 _aاعترافات كاتم صوت (رواية) /
_cمؤنس الرزاز
300 _a224 ص
490 _a
650 0 4 _aالادب العربى
650 0 4 _aالقصص العربية
942 _2ddc
_cBK
999 _c46525
_d46525